[Event "TCh-CZE Extraliga 2011-12"]
[Site "Czech Republic CZE"]
[Date "2012.04.22"]
[Round "11.5"]
[White "Velicka,P"]
[Black "Jansa,Vl"]
[Result "1/2-1/2"]
[WhiteElo "2462"]
[BlackElo "2478"]

1.e4 c5 2.Nf3 e6 3.d4 cxd4 4.Nxd4 Nc6 5.Nb5 d6 6.c4 Nf6 7.N1c3 a6 8.Na3 Be7
9.Be2 O-O 10.O-O b6 11.f4 Bb7 12.Bf3 Rc8 13.Be3 Na5 14.Qe2 d5 15.exd5 Bxa3
16.bxa3 Nxc4 17.dxe6 Bxf3 18.Rxf3 fxe6 19.Rd1 Qe7 20.Bd4 Rfd8 21.Rfd3 Qf7
22.a4 Nd5 23.Qg4 Qg6 24.Qxg6 hxg6 25.Nxd5 Rxd5 26.Kf2 Rf8 27.g3 g5 28.Bc3 Rxd3
29.Rxd3 gxf4 30.Rd7 fxg3+ 31.Kxg3 Rf7 32.Rd8+ Rf8 33.Rd7 Rf7 34.Rd8+ Kh7
35.Rc8 Nd6 36.Rc6 Ne4+ 37.Kg4 Nxc3 38.Rxc3 Rf2 39.Rc6 Rxa2 40.Rxb6 Rxa4+
41.Kg5 e5 42.Kf5 e4 43.Kf4 a5 44.Ra6 Ra2 45.h3 g6 46.Kxe4 Kh6 47.Kf4 Kh5
48.Kg3 Kg5 49.Ra8 Ra3+ 50.Kg2 a4 51.Ra7 Ra1 52.Kg3 Kf5 53.Kf3 Ke5 54.Ra6 a3
55.Kg2 g5 56.Ra5+ Kf4 57.Ra4+ Ke3 58.Ra5 Kd3 59.Rxg5 Kc3 60.Rg8 Kb2 61.Rb8+ Ka2
62.Kg3 Rb1 63.Re8 Rb4 64.h4 Kb3 65.Re3+ Ka4 66.Re2 Kb3 67.Re3+ Ka4 68.Re2 Rb2
69.Re8 Rb5 70.Re2 Kb3 71.Kg4 a2 72.Rxa2 Kxa2 73.h5 Kb3 74.h6 Rb7 75.Kf5 Kc4
76.Kg6 Rb6+ 77.Kg7 Rb7+ 78.Kg8 Rb1  1/2-1/2

[Event "Frauenbundesliga 2011-12"]
[Site "Germany GER"]
[Date "2012.04.22"]
[Round "10.3"]
[White "Hoolt,S"]
[Black "Erben,L"]
[Result "0-1"]
[WhiteElo "2286"]
[BlackElo "2035"]

1.e4 c5 2.Nf3 e6 3.d4 cxd4 4.Nxd4 Nc6 5.Nb5 d6 6.c4 Nf6 7.N1c3 Be7 8.Bf4 e5
9.Bg5 a6 10.Na3 O-O 11.Be2 Nxe4 12.Bxe7 Nxc3 13.Bxd8 Nxd1 14.Bc7 Nxb2 15.Bxd6 Rd8
16.c5 Bf5 17.Nc4 Nxc4 18.Bxc4 b6 19.Rc1 bxc5 20.Bxc5 Nd4 21.O-O Be6 22.Bxd4 exd4
23.Rfd1 Rd6 24.Kf1 Kf8 25.Bxe6 fxe6 26.Rc7 Rb8 27.Rd2 e5 28.f3 Re8 29.Rb2 Re7
30.Rxe7 Kxe7 31.Rb7+ Kf6 32.Ke2 Rc6 33.Kd2 h5 34.h4 g6 35.Kd3 Kf5 36.Rf7+ Ke6
37.Rg7 Kd5 38.Rd7+ Rd6 39.Rc7 Rb6 40.Rd7+ Kc5 41.Re7 Kd5 42.Rd7+ Ke6 43.Rg7 Kf5
44.Rf7+ Rf6 45.Rc7 Kf4 46.Rc2 Rb6 47.Re2 Rc6 48.Re4+ Kf5 49.g4+ hxg4 50.fxg4+ Kf6
51.Re2 Rc3+ 52.Kd2 Rh3 53.Rf2+ Ke6 54.g5 Rxh4 55.Rf6+ Kd5 56.Rxa6 Rh2+ 57.Kc1 Rg2
58.Rxg6 Rxa2 59.Rg8 Rg2 60.Kd1 Ke4 61.g6 Ke3 62.g7 d3 63.Kc1 d2+ 64.Kc2 e4
65.Rd8 Rxg7 66.Rxd2 Rg1 67.Rh2 Rf1 68.Rh3+ Ke2 69.Rh2+ Rf2 70.Rh1 e3 71.Rh3 Ke1+
72.Kd3 e2 73.Ke3 Kd1 74.Kxf2 e1=Q+ 75.Kf3 Qc3+ 76.Kg4 Qf6 77.Rf3 Qg6+ 78.Kf4 Kd2
79.Ke5 Qe8+ 80.Kd4 Ke2 81.Rc3 Qd7+ 82.Ke4 Qe6+ 83.Kd4 Qd6+ 84.Ke4 Qb4+  0-1

[Event "MMM Open 2012"]
[Site "Krakow POL"]
[Date "2012.05.01"]
[Round "3.7"]
[White "Lach,P"]
[Black "Zaboklicki,Z"]
[Result "1-0"]
[WhiteElo "2166"]
[BlackElo "1837"]

1.e4 c5 2.Nf3 Nc6 3.d4 cxd4 4.Nxd4 e6 5.Nb5 d6 6.Bf4 e5 7.Be3 Nf6 8.Bg5 a6
9.N5c3 Be6 10.Nd2 Rc8 11.Nc4 Nd4 12.Bxf6 gxf6 13.Ne3 Qa5 14.Bd3 Rxc3 15.bxc3 Qxc3+
16.Kf1 Bh6 17.a4 O-O 18.Qe1 Qc5 19.Rb1 b5 20.axb5 axb5 21.h3 Rc8 22.Kg1 Bf4
23.Rb2 Qa3 24.Qb1 Rc5 25.Nd1 Bc4 26.Bxc4 Rxc4 27.c3 Ne6 28.g3 Bh6 29.Rxb5 Ng5
30.Rb3 Qc5 31.Rb5 Qc6 32.Ne3 Nf3+ 33.Kg2 Bxe3 34.Kxf3 Bg5 35.Rb8+ Kg7 36.Rb6 Rxc3+
37.Kg2 Qc5 38.Rb5 Qc4 39.Rb4 Qc5 40.Rb5 Qc4 41.Rb4 Qc5 42.Rb2 f5 43.Rd1 Qc4
44.h4 Bh6 45.exf5 Qc6+ 46.Kh2 Rf3 47.Qc2 Qd7 48.Qe4 Rxf5 49.Rxd6 Rxf2+ 50.Rxf2 Qxd6
51.Qf5 Qe6 52.Qxe6 fxe6 53.Re2 Kf6 54.Kg2 Bf8 55.Rf2+ Ke7 56.Kf3 h5 57.Ke4 Bg7
58.Ra2 Kf6 59.Ra7 Bf8 60.Ra5 Bd6 61.Ra8 Bc5 62.Rh8  1-0

[Event "ch-Catalunya 2012"]
[Site "Barcelona ESP"]
[Date "2012.05.14"]
[Round "2.1"]
[White "Lopez Martinez,Josep"]
[Black "Fluvia Poyatos,Joa"]
[Result "0-1"]
[WhiteElo "2506"]
[BlackElo "2490"]

1.e4 c5 2.Nf3 e6 3.d4 cxd4 4.Nxd4 Nc6 5.Nb5 d6 6.c4 Nf6 7.N5c3 Be7 8.Be2 O-O
9.O-O b6 10.Bf4 Bb7 11.Re1 Rc8 12.Bf1 Ne5 13.Nd2 Nfd7 14.Bg3 g5 15.Rc1 Qc7
16.b4 Qb8 17.a3 Rfd8 18.Qh5 Ng6 19.h3 Kg7 20.Qd1 Nde5 21.Nb5 Bf6 22.Nb3 h5
23.f3 Bc6 24.N5d4 Ba4 25.Kh1 Nc6 26.Qd2 Be5 27.Bf2 h4 28.Be3 Bf4 29.Nxc6 Bxc6
30.Nd4 Kh6 31.Ne2 Bxe3 32.Qxe3 Qb7 33.f4 Qe7 34.Rc3 Qf6 35.fxg5+ Qxg5 36.Nd4 Qxe3
37.Rexe3 Ne5 38.Be2 Bb7 39.Nf3 Nxf3 40.Bxf3 Rc7 41.Red3 Rdd7 42.Rd4 e5 43.Rd2 Kg5
44.Kg1 f5 45.exf5 Bxf3  0-1

[Event "21st CRO-Cup"]
[Site "Sibenik CRO"]
[Date "2012.05.17"]
[Round "3.114"]
[White "Pejic,Iv"]
[Black "Tomas,Ante"]
[Result "0-1"]
[WhiteElo "1894"]
[BlackElo "1831"]

1.e4 c5 2.Nf3 Nc6 3.d4 cxd4 4.Nxd4 e6 5.Nb5 d6 6.N1c3 a6 7.Nd4 Bd7 8.Be2 Nf6
9.O-O Be7 10.Be3 O-O 11.Qd2 Qc7 12.h3 Rac8 13.a3 Rfd8 14.Rac1 Nxd4 15.Bxd4 Bc6
16.Qe3 Nd7 17.f4 b5 18.e5 dxe5 19.fxe5 h6 20.Rcd1 Bg5 21.Qg3 f5 22.h4 Bf6
23.Qg6 Nf8 24.Qh5 Bxe5 25.Bxe5 Qxe5 26.Rde1 Qe3+ 27.Kh2 Rd2 28.Bf3 Bxf3 29.Qxf3 Qxf3
30.Rxf3 Rxc2 31.Ne2 Rxb2 32.Nf4 Kf7 33.Rfe3 Rc6 34.h5 Rbc2 35.Nd3 R6c3 36.Ne5+ Kf6
37.Nf3 g5 38.hxg6 Rxe3 39.Rxe3 Rc6 40.Nd4 Rd6 41.Ne2 Nxg6 42.Rh3 h5 43.Ng3 h4
44.Ne2 Rd2 45.Ng1 Nf4 46.Rxh4 Nxg2 47.Rh6+ Kg7 48.Nf3 Ra2 49.Rh3 Nf4+  0-1

[Event "50th ch-IND Challengers 2012"]
[Site "Tirupati IND"]
[Date "2012.05.23"]
[Round "8.20"]
[White "Konguvel,P"]
[Black "Patil,Pr2"]
[Result "1/2-1/2"]
[WhiteElo "2361"]
[BlackElo "2205"]

1.e4 c5 2.Nf3 e6 3.d4 cxd4 4.Nxd4 Nc6 5.Nb5 d6 6.Bf4 e5 7.Be3 Nf6 8.Bg5 a6
9.Bxf6 gxf6 10.N5c3 f5 11.Qh5 Rg8 12.Bc4 Rg7 13.Nd2 f4 14.h3 Nd4 15.O-O-O b5
16.Bd5 Ra7 17.Nf3 b4 18.Nxd4 bxc3 19.Bc6+ Ke7 20.Ba4 cxb2+ 21.Kb1 exd4 22.e5 h6
23.Rxd4 Rg5 24.Qh4 Bg7 25.Re1 Be6 26.Bb3 Bxb3 27.cxb3  1/2-1/2

[Event "4th GM POL-UKR Match"]
[Site "Lublin POL"]
[Date "2012.05.26"]
[Round "3"]
[White "Zherebukh,Y"]
[Black "Macieja,B"]
[Result "0-1"]
[WhiteElo "2632"]
[BlackElo "2614"]

1.e4 c5 2.Nf3 e6 3.d4 cxd4 4.Nxd4 Nc6 5.Nb5 d6 6.c4 Nf6 7.N1c3 a6 8.Na3 b6
9.Be2 Bb7 10.O-O Be7 11.Be3 Nb8 12.f3 Nbd7 13.Qd2 O-O 14.Rfd1 Qc7 15.Rac1 Rac8
16.Qe1 Qb8 17.Kh1 Rfe8 18.Nc2 Bd8 19.Bg1 h5 20.Bf2 Ne5 21.b3 Ng6 22.Qg1 Nd7
23.Bg3 Bc7 24.Qf2 b5 25.Ne3 h4 26.Bxh4 Bb6 27.cxb5 Nxh4 28.bxa6 Ba8 29.Na4 Rxc1
30.Rxc1 Ba7 31.Qxh4 Bxe3 32.Rd1 d5 33.Bd3 g6 34.exd5 exd5 35.Nc3 Kg7 36.h3 Nf6
37.Ne2 Bc6 38.Qg3 Qd8 39.Nf4 Qb8 40.Ne6+ Kg8 41.Qxb8 Rxb8 42.Re1 Bb6 43.Nf4 g5
44.Ne2 Nd7 45.Rc1 Ne5 46.Bf5 Ra8 47.h4 Rxa6 48.Rc2 gxh4 49.f4 Bd7 50.Bxd7 Nxd7
51.Rc6 Rxa2 52.Nc3 Rc2 53.Nxd5 Rxc6 54.Ne7+ Kg7 55.Nxc6 Bc7 56.Ne7 Bxf4 57.Nf5+ Kf6
58.Nxh4 Ne5 59.g4 Kg5 60.Nf5 Kxg4 61.Nd6 f5 62.b4 Nd3 63.Nxf5 Kxf5 64.b5 Bc7
65.Kg2 Ke4 66.Kh1 Kf3 67.Kg1 Ne1 68.Kf1 Nc2 69.b6 Ne3+ 70.Kg1 Bxb6 71.Kh1 Nf5
72.Kh2 Ng3 73.Kh3 Bg1 74.Kh4 Ne4 75.Kh3 Ng5+ 76.Kh4 Kf4 77.Kh5 Kf5 78.Kh4 Bf2+
79.Kh5 Bg3 80.Kh6 Ne6 81.Kh5 Ng7+ 82.Kh6 Kf6 83.Kh7 Kf7  0-1

[Event "Albena Masters Open 2012"]
[Site "Albena BUL"]
[Date "2012.05.29"]
[Round "4.12"]
[White "Ji Dan"]
[Black "Grigoryan,K2"]
[Result "0-1"]
[WhiteElo "2326"]
[BlackElo "2517"]

1.e4 c5 2.Nf3 Nc6 3.d4 cxd4 4.Nxd4 e6 5.Nb5 d6 6.c4 Nf6 7.N1c3 a6 8.Na3 Be7
9.Be2 b6 10.Be3 O-O 11.O-O Bd7 12.Qb3 Rb8 13.Rac1 Qc8 14.Rfd1 Rb7 15.f4 Qb8
16.Bf3 Bd8 17.Nc2 Be8 18.a4 Bc7 19.Qa2 Ra7 20.b4 Ne7 21.a5 bxa5 22.Rb1 Rb7
23.b5 axb5 24.cxb5 Bxb5 25.Nxb5 Rxb5 26.Na3 Rb4 27.Bd2 Qa7+ 28.Kh1 Ra4 29.Nb5 Rxa2
30.Nxa7 d5 31.Rb7 dxe4  0-1

[Event "Albena Masters Open 2012"]
[Site "Albena BUL"]
[Date "2012.06.02"]
[Round "8.12"]
[White "Das,Arg"]
[Black "Tunik,G"]
[Result "1-0"]
[WhiteElo "2482"]
[BlackElo "2429"]

1.e4 c5 2.Nf3 e6 3.d4 cxd4 4.Nxd4 Nc6 5.Nb5 d6 6.c4 Nf6 7.N1c3 a6 8.Na3 Be7
9.Be2 b6 10.O-O Bb7 11.Be3 O-O 12.Rc1 Nb8 13.f3 Nbd7 14.Qd2 Qc7 15.Rfd1 Rac8
16.Bf1 Qb8 17.Nc2 Kh8 18.Nd4 Bd8 19.Kh1 Bc7 20.b4 d5 21.cxd5 exd5 22.Nxd5 Nxd5
23.exd5 Bxh2 24.Rxc8 Rxc8 25.f4 Nf6 26.Kxh2 Nxd5 27.Nf5 Re8 28.Bd4 f6 29.g3 Qc7
30.Bg2 Qf7 31.Kg1 Qg6 32.Re1 Rd8 33.Bxb6 Rd7 34.Bf2  1-0

[Event "Albena Masters Open 2012"]
[Site "Albena BUL"]
[Date "2012.06.02"]
[Round "8.24"]
[White "Ji Dan"]
[Black "Abdulla,K"]
[Result "1/2-1/2"]
[WhiteElo "2326"]
[BlackElo "2216"]

1.e4 c5 2.Nf3 e6 3.d4 cxd4 4.Nxd4 Nc6 5.Nb5 d6 6.c4 Nf6 7.N1c3 a6 8.Na3 Be7
9.Be2 b6 10.Be3 Bb7 11.Rc1 O-O 12.O-O Rb8 13.f3 Ne5 14.Qd2 Qc7 15.Rfd1 Ned7
16.Nc2 Rbc8 17.Kh1 Ne5 18.Na3 Ned7 19.Nc2 Ne5 20.Na3 Ned7  1/2-1/2

[Event "1st CT Casino Marina del Sol"]
[Site "Talcahuano CHI"]
[Date "2012.06.03"]
[Round "4.1"]
[White "Farfan Ortiz,V"]
[Black "Rojas Sepulveda,E"]
[Result "1-0"]
[WhiteElo "2206"]
[BlackElo "2315"]

1.e4 c5 2.Nf3 e6 3.d4 cxd4 4.Nxd4 Nc6 5.Nb5 d6 6.c4 a6 7.N5c3 Nf6 8.Be2 Be7
9.Be3 O-O 10.O-O Ne5 11.f4 Ned7 12.Nd2 b6 13.g4 Bb7 14.g5 Ne8 15.h4 f6 16.Nf3 fxg5
17.hxg5 g6 18.Nd4 Ng7 19.Bg4 Nc5 20.b4 Nxe4 21.Nxe4 Bxe4 22.Nxe6 Nxe6 23.Bxe6+ Rf7
24.Qd4 Bf5 25.Bd5 Rb8 26.Bd2  1-0

[Event "Alushta Summer 1 2012"]
[Site "Alushta UKR"]
[Date "2012.06.09"]
[Round "10"]
[White "Shchukin,D"]
[Black "Kovalev,An"]
[Result "1/2-1/2"]
[WhiteElo "2353"]
[BlackElo "2471"]

1.e4 c5 2.Nf3 e6 3.d4 cxd4 4.Nxd4 Nc6 5.Nb5 d6 6.Bf4 e5 7.N1c3 exf4 8.Nd5 Be6
9.Nbc7+ Kd7 10.Nxa8 Qxa8 11.Nxf4 Nf6 12.Bb5 Qd8 13.Qe2 Qa5+ 14.c3 a6 15.Bxc6+ bxc6
16.Nxe6 fxe6 17.O-O Be7 18.b4 Qe5 19.Qxa6 Rc8 20.f3 Nh5 21.Kh1 Bg5 22.Qa7+ Rc7
23.Qd4 Qxd4 24.cxd4 Bd2 25.Rab1 Ra7 26.b5 cxb5 27.Rxb5 Nf4 28.Rfb1 Rxa2 29.Rb7+ Kc8
30.g3 Nd3 31.Rb8+ Kc7 32.R1b7+ Kc6 33.Rb6+ Kc7 34.R8b7+ Kc8 35.Rb8+ Kc7 36.R8b7+ Kc8
37.d5 exd5 38.exd5 Ba5 39.Rb8+ Kd7 40.R6b7+ Bc7 41.Rg8 Rc2 42.Rxg7+ Kc8 43.Ra7 Ne1
44.Rg8+ Kd7 45.Rg7+ Kc8 46.Rg8+ Kd7 47.Rg7+  1/2-1/2

[Event "16th Voronezh Master Open"]
[Site "Voronezh RUS"]
[Date "2012.06.18"]
[Round "6.42"]
[White "Charochkina,D"]
[Black "Andrenko,I"]
[Result "1-0"]
[WhiteElo "2371"]
[BlackElo "2226"]

1.e4 c5 2.Nf3 e6 3.d4 cxd4 4.Nxd4 Nc6 5.Nb5 d6 6.Bf4 e5 7.Be3 Nf6 8.f3 a6
9.N5c3 Be7 10.Nd5 Nxd5 11.exd5 Nb8 12.Qd2 O-O 13.Be2 f5 14.f4 g5 15.fxe5 dxe5
16.Nc3 f4 17.Bf2 Bf5 18.g4 Bg6 19.Bf3 Bb4 20.d6 e4 21.Qd5+ Rf7 22.Bd4 Qxd6
23.O-O-O exf3 24.Qxg5 Nc6 25.Ne4 Qe7 26.Nf6+ Rxf6 27.Bxf6 Qe4 28.Qd5+ Qxd5
29.Rxd5 f2 30.Bh4 Be1 31.Rf1 Nb4 32.Rc5 Nxa2+ 33.Kd1 b6 34.Rc7 Nb4 35.Bxf2 Nd5
36.Rd7 Nf6 37.Rd4 Bxf2 38.Rxf2 Nxg4 39.Rfxf4 Ne3+ 40.Kd2 Nxc2 41.Rd6 Rc8
42.Rxb6 Rd8+ 43.Ke2 a5 44.Ra4 Nd4+ 45.Ke3 Re8+ 46.Kf2 Rf8+ 47.Kg2 Be4+ 48.Kh3 Rf3+
49.Kh4 Nf5+ 50.Kg5 h6+ 51.Kg6 Ne7+ 52.Kxh6 Rh3+ 53.Kg5 Bf3 54.Rh6 Rxh6 55.Kxh6 Nc6
56.h4 Bd5 57.Kg6 Bb3 58.Ra1 Ne7+ 59.Kf6 Nd5+ 60.Kg6 Ne7+ 61.Kg5 a4 62.h5 Nd5
63.Rc1 Nb4 64.Rc8+ Kh7 65.Rc7+ Kg8 66.h6 Nd5 67.Rd7 Ne3 68.Rb7 Bd5 69.Re7 Nc4
70.Kg6 Bf7+ 71.Kf6 Bh5 72.Rb7 Bd1 73.Rb4 Bb3 74.Rb8+ Kh7 75.Rb7+ Kh8 76.Rc7 Ba2
77.Rc8+ Kh7 78.Rc7+ Kh8  1-0

[Event "XXI Adolf Anderssen Mem Prelim"]
[Site "Wroclaw POL"]
[Date "2012.06.30"]
[Round "7"]
[White "Kasparov,S"]
[Black "Hnydiuk,A"]
[Result "1-0"]
[WhiteElo "2506"]
[BlackElo "2427"]

1.e4 c5 2.Nf3 e6 3.d4 cxd4 4.Nxd4 Nc6 5.Nb5 d6 6.Bf4 e5 7.Be3 a6 8.N5c3 Nf6
9.Bg5 Be7 10.Bxf6 Bxf6 11.Nd2 O-O 12.Nc4 Bg5 13.Nd5 Be6 14.Ncb6 Rb8 15.Bc4 Kh8
16.O-O f5 17.exf5 Bxf5 18.a4 Qe8 19.Ra3 Nd4 20.c3 Nc6 21.Be2 Qg6 22.Bh5 Qh6
23.Bg4 Be4 24.Nd7 Rbe8 25.Nxf8 Rxf8 26.a5 Bd2 27.Ne3 Bxe3 28.fxe3 Qxe3+ 29.Kh1 Rf2
30.Rxf2 Qxf2 31.Bf3 Bxf3 32.gxf3 e4 33.fxe4 Ne5 34.c4 h6 35.Rg3 Qf4 36.Qe2 Kh7
37.Kg2 g6  1-0

[Event "XXI Adolf Anderssen Mem Prelim"]
[Site "Wroclaw POL"]
[Date "2012.06.30"]
[Round "7"]
[White "Dobrowolski,P"]
[Black "Cajbel,M"]
[Result "1-0"]
[WhiteElo "2426"]
[BlackElo "2222"]

1.e4 c5 2.Nf3 e6 3.d4 cxd4 4.Nxd4 Nc6 5.Nb5 d6 6.c4 a6 7.N5c3 Nf6 8.g3 Be7
9.Bg2 O-O 10.O-O Bd7 11.Na3 Rc8 12.Be3 Ne5 13.Qe2 Qc7 14.Rac1 Qa5 15.f4 Neg4
16.Bd2 Qb6+ 17.Kh1 Qxb2 18.Nc2 b5 19.h3 Nh6 20.Rb1 Qxc2 21.Rfc1 Qxb1 22.Nxb1 Kh8
23.g4 Nhg8 24.g5 Ne8 25.cxb5 Rxc1+ 26.Bxc1 Bxb5 27.Qc2 f6 28.h4 fxg5 29.hxg5 h6
30.Bh3 e5 31.a4 exf4 32.axb5 axb5 33.g6 f3 34.Bf5 d5 35.e5 Nc7 36.Qxc7 Rxf5
37.Nd2 Bg5 38.Nf1 Bxc1 39.Qxc1 Rxe5 40.Qc3 Rh5+ 41.Kg1 Rg5+ 42.Kf2 Rxg6 43.Kxf3 Rf6+
44.Ke2 Ne7 45.Ne3 Re6 46.Kd2 Re4 47.Qc7 d4 48.Nd5 Nxd5 49.Qc8+ Kh7 50.Qf5+ Kh8
51.Qxe4 Nf6 52.Qxd4 Kh7 53.Ke2 Kg6 54.Qd3+ Kf7 55.Qb3+ Kg6 56.Qxb5 Kf7 57.Qf5 Kg8
58.Qg6 Nh7 59.Qe6+ Kf8 60.Ke3 Ng5 61.Qf5+ Kg8 62.Qg6 Nh7 63.Kd4 Nf8 64.Qe8 g6
65.Ke5  1-0

[Event "40th TCh-GRE 2012"]
[Site "Achaea GRE"]
[Date "2012.07.01"]
[Round "2.5"]
[White "Palaskos,A"]
[Black "Ballas,A"]
[Result "0-1"]
[WhiteElo "1788"]
[BlackElo "1840"]

1.e4 c5 2.Nf3 e6 3.d4 cxd4 4.Nxd4 Nc6 5.Nb5 d6 6.c4 Nf6 7.N5c3 a6 8.Be2 Nb8
9.O-O Nbd7 10.Bf4 Qc7 11.Nd2 b6 12.Re1 Bb7 13.Bf1 Be7 14.Rc1 O-O 15.Bg3 g6
16.f3 Nh5 17.Bf2 Rfe8 18.g3 Ng7 19.f4 Rac8 20.Qe2 e5 21.Nd5 Bxd5 22.cxd5 Qxc1
23.Rxc1 Rxc1 24.Qxa6 exf4 25.Kg2 fxg3 26.hxg3 Nc5 27.Bxc5 bxc5 28.Qd3 Rb8
29.b3 Ra8 30.a4 Bf6 31.Nc4 Rc3 32.Qd1 Rb8 33.Na5 Nh5 34.Bd3 Be5 35.Qd2 Nxg3
36.Nc6 Rbxb3 37.Nxe5 dxe5 38.Bc2 Ra3 39.a5 Nh5 40.a6 Nf4+ 41.Kf1 Rf3+ 42.Kg1 Rg3+
43.Kh1 Rh3+ 44.Kg1 Rag3+ 45.Kf1 Rh1+ 46.Kf2 Rg2+ 47.Kf3 Rh3+  0-1

[Event "40th TCh-GRE 2012"]
[Site "Achaea GRE"]
[Date "2012.07.03"]
[Round "5.4"]
[White "Palaskos,A"]
[Black "Michelakos,P"]
[Result "1/2-1/2"]
[WhiteElo "1788"]
[BlackElo "2168"]

1.e4 c5 2.Nf3 Nc6 3.d4 cxd4 4.Nxd4 e6 5.Nb5 d6 6.c4 a6 7.N5c3 Qc7 8.Bf4 Ne5
9.Nd2 Nf6 10.Be2 b6 11.O-O Bb7 12.Re1 Be7 13.Rc1 O-O 14.Bf1 Rac8 15.a3 Qb8
16.Bg3 Rfd8 17.f4 Ned7 18.b4 Qa8 19.Qe2 Nf8 20.Bf2 N6d7 21.Na4 b5 22.Nb6 Nxb6
23.Bxb6 Rd7 24.Nb3 bxc4 25.Rxc4 Rxc4 26.Qxc4 d5 27.exd5 Bxd5 28.Qc2 Bd6 29.g3 Qb8
30.Bf2 Qb7 31.Nc5 Bxc5 32.Bxc5 Qc8 33.Qe2 Bb7 34.Bg2 Bxg2 35.Qxg2 Rd3 36.a4 Nd7
37.Rc1 Rd5 38.Qc2 h5 39.a5 Qb7 40.Qe2 Nf6 41.Bb6 Rb5  1/2-1/2

[Event "119th ch-SCO 2012"]
[Site "Glasgow SCO"]
[Date "2012.07.08"]
[Round "2.13"]
[White "Das,Arg"]
[Black "Pyrich,G"]
[Result "1/2-1/2"]
[WhiteElo "2485"]
[BlackElo "2007"]

1.e4 c5 2.Nf3 e6 3.d4 cxd4 4.Nxd4 Nc6 5.Nb5 d6 6.c4 Nf6 7.N1c3 a6 8.Na3 b6
9.Be2 Be7 10.O-O Bb7 11.Be3 Ne5 12.f4 Ned7 13.Bf3 Qc7 14.Rc1 O-O 15.g4 h6
16.b4 Rfe8 17.Nab1 Nh7 18.Nd2 g5 19.Ne2 Nhf8 20.Qe1 Ng6 21.Bg2 Rf8 22.Qg3 a5
23.f5 Nh4 24.Nd4 e5 25.Nb5 Qb8 26.a3 Nf6 27.Bh1 Bc6 28.Nc3 axb4 29.axb4 Ra3
30.h3 Rc8 31.Qe1  1/2-1/2

[Event "Int Open ch-SVK 2012"]
[Site "Banska Stiavnica SVK"]
[Date "2012.07.10"]
[Round "4.7"]
[White "Rigo,Ja"]
[Black "Leniart,A"]
[Result "0-1"]
[WhiteElo "2297"]
[BlackElo "2472"]

1.e4 c5 2.Nf3 e6 3.d4 cxd4 4.Nxd4 Nc6 5.Nb5 d6 6.c4 a6 7.Nd4 Be7 8.Nc3 Nf6
9.Be2 O-O 10.O-O Bd7 11.Be3 Qb8 12.f3 Nxd4 13.Bxd4 b5 14.b3 b4 15.Nb1 Bc6
16.Nd2 a5 17.Bd3 Bd8 18.Kh1 Nd7 19.Bc2 Bb6 20.Bb2 Qa7 21.Nb1 Bc5 22.a3 Qb6
23.a4 Rad8 24.Qd2 Ne5 25.f4 Ng4 26.f5 exf5 27.Rxf5 Nf2+ 28.Rxf2 Bxf2 29.Qd3 Qe3
30.Nd2 Rfe8 31.Qxe3 Bxe3 32.Nf1 Bf4  0-1

[Event "Turkish Bank Chess League 2012"]
[Site "Konya TUR"]
[Date "2012.07.16"]
[Round "6"]
[White "Zeytinoglu,N"]
[Black "Yilmaz,M"]
[Result "0-1"]
[WhiteElo "2026"]
[BlackElo "2543"]

1.e4 c5 2.Nf3 Nc6 3.d4 cxd4 4.Nxd4 e6 5.Nb5 d6 6.c4 a6 7.N5c3 Be7 8.Be2 Nf6
9.O-O O-O 10.Be3 b6 11.Na3 Bb7 12.Qb3 Nd7 13.Rfd1 Nc5 14.Qc2 Qc7 15.Qd2 Rac8
16.f3 Qb8 17.Nc2 Ne5 18.Nd4 Kh8 19.Rac1 Rg8 20.Bg5 Bf8 21.Kh1 h6 22.Be3 g5
23.Nb3 Ncd7 24.Qd4 Kh7 25.a4 Bc6 26.Qd2 Ba8 27.Qd4 Rc6 28.Na1 Bg7 29.Qd2 Nxc4
30.Bxc4 Rxc4 31.Qxd6 Nc5 32.a5 Qxd6 33.Rxd6 bxa5 34.Bxc5 Rxc5 35.Nb3 Rc7
36.Rxa6 Rb8 37.Nxa5 Rxb2 38.Rxa8 Rxc3  0-1

[Event "27th Gniota Memorial"]
[Site "Police POL"]
[Date "2012.07.18"]
[Round "8.6"]
[White "Snihur,P"]
[Black "Hnydiuk,A"]
[Result "0-1"]
[WhiteElo "2001"]
[BlackElo "2427"]

1.e4 c5 2.Nf3 e6 3.d4 cxd4 4.Nxd4 Nc6 5.Nb5 d6 6.Bf4 e5 7.Be3 a6 8.N5c3 Nf6
9.Bc4 Be7 10.Nd5 Nxd5 11.Bxd5 O-O 12.Nc3 Bg5 13.O-O Bxe3 14.fxe3 Be6 15.Qd2 Bxd5
16.Nxd5 Ne7 17.Rad1 Rc8 18.Rf2 Nxd5 19.Qxd5 Rc6 20.Rfd2 Qc7 21.c3 Qb6 22.Qd3 Rd8
23.Kf2 h6 24.Qc2 Re8 25.Qb3 Qc7 26.Rd5 Re6 27.Qc2 Qe7 28.b3 Qg5 29.Qd3 Rg6
30.g3 h5 31.Rg1 Qg4 32.Rg2 h4 33.Kg1 Qh3 34.Kf2 hxg3+ 35.hxg3 Qh1 36.g4 Rf6+
37.Kg3 Qe1+  0-1

[Event "PAB Romania Open 2012"]
[Site "Arad ROU"]
[Date "2012.07.27"]
[Round "1.26"]
[White "Chereches,M"]
[Black "Galateanu,C"]
[Result "1-0"]
[WhiteElo "2273"]
[BlackElo "1820"]

1.e4 c5 2.Nf3 Nc6 3.d4 cxd4 4.Nxd4 e6 5.Nb5 d6 6.c4 a6 7.N5c3 Nf6 8.Be2 Be7
9.O-O O-O 10.Be3 Rb8 11.Nd2 b6 12.Rc1 Bb7 13.f3 Ba8 14.Nb3 Nd7 15.Qd2 Nc5
16.Rfd1 Qd7 17.Nd4 Rfd8 18.Qe1 Bf6 19.Qg3 Nxd4 20.Bxd4 Bxd4+ 21.Rxd4 e5 22.Rd2 Ne6
23.Rcd1 b5 24.cxb5 axb5 25.Qf2 Nd4 26.Bf1 b4 27.Ne2 Ne6 28.Nc1 Bc6 29.Rc2 Nd4
30.Rc4 Qe7 31.Nb3 Nxb3 32.axb3 Qb7 33.Rdc1 Rdc8 34.g3 d5 35.Rc5 dxe4 36.Qc2 Bd7
37.Qxe4 Qxe4 38.fxe4 Be6 39.Kf2 Kf8 40.Ke3 Ke7 41.Rxc8 Rxc8 42.Bc4 Kd6 43.Kd3 f6
44.Ra1 Bxc4+ 45.bxc4 Rc7 46.Ra6+ Kc5 47.Ra5+ Kc6 48.Rb5 Rb7 49.Rxb7 Kxb7
50.c5 Kc6 51.Kc4 b3 52.g4 g6 53.h3 h6 54.h4 h5 55.gxh5 gxh5 56.Kb4 f5 57.exf5  1-0

[Event "Open ch-BUL w 2012"]
[Site "Vratsa BUL"]
[Date "2012.07.27"]
[Round "6.6"]
[White "Bauyrzhan,Arnash"]
[Black "Schleining,Z"]
[Result "1-0"]
[WhiteElo "1801"]
[BlackElo "2365"]

1.e4 c5 2.Nf3 e6 3.d4 cxd4 4.Nxd4 Nc6 5.Nb5 d6 6.Be3 Nf6 7.N1c3 a6 8.Nd4 Be7
9.Be2 O-O 10.O-O Qc7 11.a4 Rb8 12.f4 Re8 13.Qe1 Nb4 14.Rc1 Bd7 15.Qg3 d5
16.e5 Ne4 17.Nxe4 dxe4 18.f5 exf5 19.Nxf5 Bxf5 20.Rxf5 Bc5 21.Bxc5 Qxc5+
22.Kh1 Re6 23.Rcf1 Rf8 24.Qb3 Nd5 25.Bc4 Nc7 26.Bxe6 Nxe6 27.Qxb7 Qc4 28.b3 Nc5
29.Qe7 Qd5 30.e6 Qxe6 31.Qxc5 Re8 32.Qd5 Qxd5 33.Rxd5 g6 34.g4  1-0

[Event "10th EU U14 2012"]
[Site "Mureck AUT"]
[Date "2012.08.04"]
[Round "4.4"]
[White "Suta,Andraz"]
[Black "Huber,Mart AUT"]
[Result "0-1"]
[WhiteElo "1713"]
[BlackElo "2185"]

1.e4 c5 2.Nf3 e6 3.d4 cxd4 4.Nxd4 Nc6 5.Nb5 d6 6.N1c3 a6 7.Na3 b5 8.Ne2 Nf6
9.Ng3 d5 10.exd5 exd5 11.c3 Bxa3 12.bxa3 O-O 13.Be2 Qa5 14.Bb2 Be6 15.O-O Rfd8
16.Re1 Rac8 17.Bd3 Qc7 18.h3 Ne5 19.Bc2 Nc4 20.Bc1 Qa5 21.Bg5 Qxc3 22.Rc1 Nb2
23.Qe2 Qd4 24.Nf5 Bxf5 25.Bxf5 Rxc1 26.Rxc1 Nc4 27.Rd1 Qe5 28.Qxe5 Nxe5 29.Be4 Rd7
30.Bf5 Rd8 31.Be4 d4 32.Bb7 Rd6 33.Bf4 Nfd7 34.Bc8 f6 35.Kf1 Nc5 36.Re1 Ncd3
37.Bxe5 fxe5 38.Rd1 Nb2 39.Re1 d3 40.Rxe5 d2 41.Bg4 d1=Q+ 42.Bxd1 Rxd1+ 43.Ke2 Rd2+
44.Kxd2 Nc4+ 45.Kc3 Nxe5 46.Kd4 Nd7 47.Kd5 Kf7 48.Kc6 Ke7 49.f4 Nf6 50.Kb7 Kd6
51.Kxa6 Kc6 52.g4 Ne4 53.h4 Nf2 54.g5 g6 55.h5 gxh5 56.f5 Ne4 57.f6 Nxg5  0-1

[Event "Miguel Najdorf Open A"]
[Site "Warsaw POL"]
[Date "2012.08.08"]
[Round "3.23"]
[White "Nasuta,G"]
[Black "Liberadzki,S"]
[Result "1/2-1/2"]
[WhiteElo "2275"]
[BlackElo "2091"]

1.e4 c5 2.Nf3 e6 3.d4 cxd4 4.Nxd4 Nc6 5.Nb5 d6 6.c4 a6 7.N5c3 Nf6 8.Be3 Be7
9.Be2 b6 10.O-O Bb7 11.Na3 O-O 12.Rc1 Re8 13.Qd2 d5 14.exd5 exd5 15.Nxd5 Nxd5
16.Qxd5 Qxd5 17.cxd5 Nb4 18.d6 Bxd6 19.Rcd1 Nd5 20.Bc4 Bxa3 21.bxa3 Rad8
22.Rd3 b5 23.Bb3 Nf4 24.Rxd8 Ne2+ 25.Kh1 Rxd8 26.Re1 Nc3 27.Bg5 Rc8 28.Rc1 Ne4
29.Rxc8+ Bxc8 30.Be3 Be6 31.Kg1 Nc3 32.Bd2 Bxb3 33.axb3 Ne2+ 34.Kf1 Nd4 35.b4 f6
36.Bc3 Nf5 37.Ke2 Kf7 38.Kd3  1/2-1/2

[Event "LBV Open A 2012"]
[Site "Roosendaal NED"]
[Date "2012.08.18"]
[Round "5.19"]
[White "Kasparova,T"]
[Black "Sziva,E"]
[Result "1-0"]
[WhiteElo "2109"]
[BlackElo "2268"]

1.e4 c5 2.Nf3 e6 3.d4 cxd4 4.Nxd4 Nc6 5.Nb5 d6 6.c4 a6 7.N5c3 Nf6 8.Be2 Qc7
9.Be3 Ne5 10.Nd2 b6 11.f4 Ned7 12.O-O Be7 13.Rc1 Bb7 14.Bf3 Rc8 15.Qe2 O-O
16.Kh1 Rfe8 17.Bf2 Ba8 18.Bg3 h6 19.Rce1 Rf8 20.Qd1 Rcd8 21.Qe2 Rc8 22.Qe3 Qb8
23.Rd1 e5 24.Be2 Qc7 25.f5 Rfe8 26.Rc1 Qb8 27.a3 b5 28.b4 Bc6 29.Rfd1 Qb7
30.Nd5 Bd8 31.cxb5 axb5 32.Nb3 Nxd5 33.exd5 Bxd5 34.Rxc8 Nf6 35.Rxd8 Bxg2+
36.Kg1 Rxd8 37.Na5 Qa8 38.Bxb5 Bh1 39.Bf1 Be4 40.Qb6 Nd5 41.Qa6 Qc8 42.Nc6  1-0

[Event "e2e4 Hinckley Open 2012"]
[Site "Hinckley ENG"]
[Date "2012.08.25"]
[Round "2.17"]
[White "Burrows,M"]
[Black "Pritchard,D"]
[Result "1/2-1/2"]
[WhiteElo "2120"]
[BlackElo "2018"]

1.e4 c5 2.Nf3 e6 3.d4 cxd4 4.Nxd4 Nc6 5.Nb5 d6 6.c4 a6 7.N5c3 Nf6 8.Be2 Be7
9.O-O O-O 10.Be3 Qc7 11.Nd2 Rb8 12.Rc1 b6 13.Nb3 Rd8 14.Nd5 Qa7 15.Nxe7+ Qxe7
16.f3 h6 17.Qe1 e5 18.Qf2 Qb7 19.Qh4 Qe7 20.Rfd1 Nd5 21.Qxe7 Ndxe7 22.Rd2 Be6
23.Rcd1 Nc8 24.f4 f6 25.f5 Bf7 26.g4 Kf8 27.h4 Ke7 28.Rc1 a5 29.Kf2 Nb4 30.a3 Na6
31.Na1 Nc5 32.Bf3 a4 33.Rc3 Rd7 34.Nc2 Na7 35.Nb4 Rc8 36.Rdc2 Nc6 37.Nxc6+ Rxc6
38.g5 hxg5 39.hxg5 Rdc7 40.g6 Bg8 41.Bxc5 Rxc5 42.Be2 b5 43.cxb5 Rxc3 44.Rxc3 Rxc3
45.bxc3 d5 46.Bd1 dxe4 47.Bxa4 Kd6 48.Ke3 Bd5 49.Bc2 Kc5 50.a4 Kb6 51.Bxe4 Bb3
52.Kd3 Bxa4 53.c4 Kc5 54.Kc3 Bd1 55.Kd2 Bg4 56.Kc3 Bd1 57.Kd2  1/2-1/2

[Event "37th Trade Fair Open A"]
[Site "Brno CZE"]
[Date "2012.08.29"]
[Round "5"]
[White "Malinovsky,K"]
[Black "Cvek,R"]
[Result "1/2-1/2"]
[WhiteElo "2379"]
[BlackElo "2549"]

1.e4 c5 2.Nf3 e6 3.d4 cxd4 4.Nxd4 Nc6 5.Nb5 d6 6.c4 Nf6 7.N1c3 a6 8.Na3 Be7
9.Be2 b6 10.Be3 Bb7 11.O-O O-O 12.Qb3 Nd7 13.Rfd1 Nc5 14.Qc2 Bf6 15.Rac1 Qe7
16.Nab1 Nb4 17.Qd2 Rfd8 18.Qe1 Rac8 19.a3 Nc6 20.Nd2 Bd4 21.Bxd4 Nxd4 22.b4 Nd7
23.Bf1 Qg5 24.Ne2 Nxe2+  1/2-1/2